[Event "17.Seefeld Open 2006"]
[Site "Seefeld/AUT (23.9.-1.10)"]
[Date "2006.09.24"]
[Round "2"]
[White "Abraham, Helmut"]
[Black "Walz, Robert"]
[Result "1-0"]
[WhiteElo "1461"]
[BlackElo "1984"]
[PlyCount "76"]
[EventDate "2006.09.??"]
[EventType "swiss"]
[EventRounds "9"]
[EventCountry "AUT"]

1. Nf3 Nf6 2. c4 c5 3. Nc3 e6 4. b3 Be7 5. Bb2 O-O 6. e4 d6 7. Be2 b6 8. O-O
Bb7 9. Qc2 Nc6 10. Rad1 Nd4 11. Nxd4 cxd4 12. Nb5 e5 13. d3 a6 14. Na3 Qd7 15.
Nb1 Rfc8 16. f4 b5 17. fxe5 dxe5 18. Nd2 Qc7 19. Rf5 Nd7 20. Rdf1 f6 21. R5f3
a5 22. Rg3 Qb6 23. Bg4 Rc7 24. Qd1 a4 25. Bxd7 axb3 26. Qg4 Bf8 27. Be6+ Kh8
28. Rxf6 bxa2 29. Rf1 Bb4 30. Bd7 g6 31. Nf3 Bc3 32. Ba1 bxc4 33. Nxe5 Bxa1 34.
Nf7+ Kg7 35. Qh3 h5 36. Qxh5 Kf8 37. Ne5+ Ke7 38. Rf7+ Kd6 1-0

[Event "17.Seefeld Open 2006"]
[Site "Seefeld/AUT (23.9.-1.10)"]
[Date "2006.09.24"]
[Round "2"]
[White "Antoniacci, Riccardo"]
[Black "Disselberger, Alfons"]
[Result "1-0"]
[WhiteElo "1980"]
[BlackElo "1289"]
[PlyCount "67"]
[EventDate "2006.09.??"]
[EventType "swiss"]
[EventRounds "9"]
[EventCountry "AUT"]

1. d4 Nf6 2. Bg5 d5 3. Nd2 e6 4. e4 Be7 5. e5 Nfd7 6. Bxe7 Qxe7 7. c3 c5 8. Bd3
cxd4 9. cxd4 Nc6 10. Ne2 Ndxe5 11. dxe5 Nxe5 12. Bb5+ Nc6 13. O-O O-O 14. Nf3
a6 15. Bxc6 bxc6 16. Re1 Rb8 17. b3 Bd7 18. Nf4 Qf6 19. Nd3 Rfc8 20. Nc5 Be8
21. Nxa6 Rb6 22. Nc5 Rb5 23. Qc2 Rcb8 24. a3 Ra8 25. b4 Rbb8 26. Ne5 Qe7 27. f4
f6 28. Nf3 Bf7 29. Nd4 Rxb4 30. axb4 Rxa1 31. Rxa1 Be8 32. Ra8 g6 33. Nxc6 Qf7
34. Ra7 1-0

[Event "17.Seefeld Open 2006"]
[Site "Seefeld/AUT (23.9.-1.10)"]
[Date "2006.09.24"]
[Round "2"]
[White "Laux, Dieter"]
[Black "Scheidt, Eugen"]
[Result "0-1"]
[WhiteElo "1228"]
[BlackElo "1980"]
[PlyCount "158"]
[EventDate "2006.09.??"]
[EventType "swiss"]
[EventRounds "9"]
[EventCountry "AUT"]

1. e4 c5 2. Nf3 d6 3. d4 cxd4 4. Nxd4 Nf6 5. Nc3 a6 6. Bg5 e6 7. f4 Nbd7 8. Qf3
Qc7 9. Bxf6 gxf6 10. O-O-O Bg7 11. g4 O-O 12. h4 b5 13. a3 Bb7 14. Bg2 Rab8 15.
Qg3 Kh8 16. h5 h6 17. f5 e5 18. Ndxb5 axb5 19. Nxb5 Qb6 20. Nxd6 Ba6 21. b4 Nc5
22. Rd5 Nb7 23. Rhd1 Be2 24. R1d2 Nxd6 25. Rxe2 Rfc8 26. Bf1 Nb5 27. Red2 Nd4
28. c4 Bf8 29. Rb2 Nc6 30. c5 Nd4 31. Bc4 Bxc5 32. Kb1 Bf8 33. Rb5 Qc6 34. Rxb8
Qxc4 35. Rxc8 Qxc8 36. Qd3 Qc6 37. Ka2 Be7 38. b5 Qb6 39. a4 Kg7 40. Kb1 Bd8
41. Ka2 Qa5 42. Qc4 Bb6 43. Qb4 Qa8 44. Qe1 Qxa4+ 45. Kb1 Nxb5 46. Qb4 Qxb4 47.
Rxb4 Nc3+ 48. Kc2 Bd4 49. Kd3 Nd1 50. Ke2 Ne3 51. Kf3 Nd1 52. Rb3 Nb2 53. Ke2
Nc4 54. Rb4 Nb6 55. Rb3 Kf8 56. Ra3 Ke7 57. Ra7+ Nd7 58. Rb7 Bg1 59. Kf3 Bh2
60. Ke2 Bf4 61. Kf3 Bg5 62. Ke2 Kd6 63. Rb5 Kc6 64. Rb4 Nb6 65. Kd3 Kc5 66. Rb3
Bh4 67. Rc3+ Kd6 68. Ke2 Nd7 69. Rd3+ Kc6 70. Rc3+ Nc5 71. Kf3 Kb5 72. Rc2 Bg5
73. Ra2 Kc4 74. Re2 Kd3 75. Re1 Bf4 76. Re2 Bd2 77. Rg2 Nxe4 78. Rh2 Ng5+ 79.
Kg3 Bf4+ 0-1

[Event "17.Seefeld Open 2006"]
[Site "Seefeld/AUT (23.9.-1.10)"]
[Date "2006.09.25"]
[Round "3"]
[White "Teske, Henrik"]
[Black "Mohrlok, Dieter"]
[Result "1-0"]
[WhiteElo "2486"]
[BlackElo "2321"]
[PlyCount "49"]
[EventDate "2006.09.??"]
[EventType "swiss"]
[EventRounds "9"]
[EventCountry "AUT"]

1. Nf3 g6 2. d4 Bg7 3. g3 d6 4. Bg2 e5 5. dxe5 dxe5 6. Qxd8+ Kxd8 7. Nc3 f6 8.
b3 Nd7 9. Ba3 Nh6 10. O-O-O Bf8 11. Bb2 Nf7 12. g4 Bh6+ 13. e3 Re8 14. h4 Bg7
15. g5 f5 16. e4 Nd6 17. h5 Nc5 18. hxg6 fxe4 19. Nh4 hxg6 20. Nxe4 Ncxe4 21.
Bxe4 Rf8 22. Nxg6 Rxf2 23. Rh7 Bf8 24. Nxf8 Rxf8 25. Bxe5 1-0

[Event "17.Seefeld Open 2006"]
[Site "Seefeld/AUT (23.9.-1.10)"]
[Date "2006.09.25"]
[Round "3"]
[White "Kesik, Klaus-Dieter"]
[Black "Van der Weide, Karel"]
[Result "1-0"]
[WhiteElo "2280"]
[BlackElo "2443"]
[PlyCount "68"]
[EventDate "2006.09.??"]
[EventType "swiss"]
[EventRounds "9"]
[EventCountry "AUT"]

1. d4 Nf6 2. Nf3 g6 3. g3 Bg7 4. Bg2 O-O 5. O-O d6 6. c4 Nc6 7. d5 Na5 8. Nfd2
c5 9. Nc3 a6 10. Qc2 Rb8 11. b3 b5 12. Bb2 h5 13. Rab1 Bf5 14. e4 Bd7 15. Nd1
e5 16. dxe6 Bxe6 17. Ne3 Nc6 18. f4 Nb4 19. Qd1 Ng4 20. Qe2 Bd4 21. Bxd4 cxd4
22. Nxg4 Bxg4 23. Nf3 bxc4 24. Qxc4 Bxf3 25. Bxf3 Qb6 26. a3 Na2 27. f5 Rfc8
28. Qd3 Rc3 29. Qd2 Rxb3 30. fxg6 Rxb1 31. gxf7+ Kxf7 32. Bd1+ Ke7 33. Qg5+ Kd7
34. Rf7+ Kc8 1-0

[Event "17.Seefeld Open 2006"]
[Site "Seefeld/AUT (23.9.-1.10)"]
[Date "2006.09.25"]
[Round "3"]
[White "Bronznik, Valeri"]
[Black "Kauch, Markus"]
[Result "1-0"]
[WhiteElo "2383"]
[BlackElo "2244"]
[PlyCount "69"]
[EventDate "2006.09.??"]
[EventType "swiss"]
[EventRounds "9"]
[EventCountry "AUT"]

1. d4 Nf6 2. c4 c5 3. d5 e6 4. Nc3 exd5 5. cxd5 d6 6. e4 g6 7. Bd3 Bg7 8. h3
O-O 9. Nf3 b5 10. Bxb5 Nxe4 11. Nxe4 Qa5+ 12. Nfd2 Qxb5 13. Nxd6 Qd3 14. N2c4
Qxd1+ 15. Kxd1 Ba6 16. Kc2 Bd4 17. Be3 Rd8 18. Bxd4 cxd4 19. Rhe1 Bxc4 20. Nxc4
Na6 21. d6 Rac8 22. b3 Rxd6 23. Re7 Nb4+ 24. Kd2 Rf6 25. f3 a6 26. Rd7 Re6 27.
Rxd4 Rce8 28. Kc3 Nc6 29. Rd2 Kg7 30. Rad1 Ne7 31. Rd6 Nf5 32. Rxe6 Rxe6 33.
Rd2 Kf6 34. b4 Kg5 35. a4 1-0

[Event "17.Seefeld Open 2006"]
[Site "Seefeld/AUT (23.9.-1.10)"]
[Date "2006.09.25"]
[Round "3"]
[White "Stabolewski, Andreas"]
[Black "Rausch, Stephan"]
[Result "1/2-1/2"]
[WhiteElo "2235"]
[BlackElo "2343"]
[PlyCount "63"]
[EventDate "2006.09.??"]
[EventType "swiss"]
[EventRounds "9"]
[EventCountry "AUT"]

1. e4 e6 2. d4 d5 3. Nc3 dxe4 4. Nxe4 Nd7 5. Bd3 Ngf6 6. Qe2 a6 7. Nxf6+ Nxf6
8. Nf3 c5 9. dxc5 Bxc5 10. O-O b5 11. Bg5 Be7 12. Ne5 Qb6 13. a4 b4 14. Nc4 Qc7
15. Rfe1 Bb7 16. Rad1 O-O 17. Bh4 Rfd8 18. Bg3 Qc6 19. Qf1 Qc5 20. b3 Nh5 21.
Re5 Rd5 22. Rxd5 Bxd5 23. Ne3 Bb7 24. Qe2 Qg5 25. Qg4 Qxg4 26. Nxg4 f5 27. Bc4
Bd5 28. Rxd5 exd5 29. Bxd5+ Kf8 30. Bxa8 Nxg3 31. hxg3 fxg4 32. Bb7 1/2-1/2

[Event "17.Seefeld Open 2006"]
[Site "Seefeld/AUT (23.9.-1.10)"]
[Date "2006.09.25"]
[Round "3"]
[White "Dittmar, Peter"]
[Black "Ballon, Guenther-Jan"]
[Result "1-0"]
[WhiteElo "2334"]
[BlackElo "2184"]
[PlyCount "91"]
[EventDate "2006.09.??"]
[EventType "swiss"]
[EventRounds "9"]
[EventCountry "AUT"]

1. d4 d5 2. c4 c6 3. cxd5 cxd5 4. Nc3 Nf6 5. Bf4 Nc6 6. e3 a6 7. Be2 e6 8. Nf3
Be7 9. Ne5 Nxe5 10. Bxe5 b5 11. Rc1 O-O 12. Bd3 Bb7 13. O-O Rc8 14. Qf3 Nd7 15.
Bg3 f5 16. Ne2 Qb6 17. h3 Rxc1 18. Rxc1 Rc8 19. Rxc8+ Bxc8 20. Bxf5 exf5 21.
Qxd5+ Kh8 22. Qxf5 Qf6 23. Qe4 Nf8 24. Be5 Qg6 25. Qa8 Qc2 26. Nf4 Nd7 27. Nd5
Bf8 28. Nc3 Nb6 29. Qb8 b4 30. Qxb6 bxc3 31. Qd8 Kg8 32. bxc3 Bb7 33. Bd6 Qf5
34. f3 Qc8 35. Qxc8 Bxc8 36. Bxf8 Kxf8 37. e4 a5 38. c4 Ke7 39. Kf2 Ba6 40. c5
g5 41. g3 h5 42. h4 Kf6 43. Ke3 Bb5 44. a3 Ba4 45. f4 gxh4 46. gxh4 1-0

[Event "17.Seefeld Open 2006"]
[Site "Seefeld/AUT (23.9.-1.10)"]
[Date "2006.09.25"]
[Round "3"]
[White "Stock, Juergen"]
[Black "Pilz, Dieter"]
[Result "0-1"]
[WhiteElo "2026"]
[BlackElo "2333"]
[PlyCount "42"]
[EventDate "2006.09.??"]
[EventType "swiss"]
[EventRounds "9"]
[EventCountry "AUT"]

1. d4 c5 2. e3 Nf6 3. Bd3 Nc6 4. c3 e5 5. Nd2 d5 6. dxe5 Nxe5 7. Bc2 Bd6 8.
Ngf3 O-O 9. Nxe5 Bxe5 10. h3 b6 11. Nf3 Bc7 12. Qd3 a5 13. b4 g6 14. bxc5 bxc5
15. Ba3 Ba6 16. Qd2 Bd6 17. Rd1 a4 18. Qc1 Bc4 19. Nd2 Ba6 20. c4 Qe7 21. cxd5
Qxe3+ 0-1

[Event "17.Seefeld Open 2006"]
[Site "Seefeld/AUT (23.9.-1.10)"]
[Date "2006.09.25"]
[Round "3"]
[White "Weinzettl, Ernst"]
[Black "Keller, Manfred"]
[Result "1-0"]
[WhiteElo "2327"]
[BlackElo "2180"]
[PlyCount "101"]
[EventDate "2006.09.??"]
[EventType "swiss"]
[EventRounds "9"]
[EventCountry "AUT"]

1. d4 Nf6 2. Nf3 g6 3. Nc3 Bg7 4. e4 d6 5. Be3 O-O 6. Qd2 d5 7. exd5 Nxd5 8.
Nxd5 Qxd5 9. c4 Qh5 10. Be2 Bg4 11. h3 Nc6 12. O-O Bxf3 13. Bxf3 Qa5 14. Qxa5
Nxa5 15. Rac1 Nc6 16. Rfd1 e5 17. Bxc6 bxc6 18. dxe5 Bxe5 19. b3 Rfd8 20. f4
Bb2 21. Rb1 Bc3 22. Kf2 a6 23. Kf3 f5 24. Rbc1 Bb2 25. Rxd8+ Rxd8 26. Rc2 Bf6
27. Ke2 Kf7 28. c5 Rd5 29. Rc4 Rd8 30. Ra4 Ra8 31. Bd4 Re8+ 32. Be3 Ra8 33. Rc4
Rd8 34. g4 Ke6 35. Ra4 Ra8 36. Bd4 fxg4 37. hxg4 Bxd4 38. Rxd4 h5 39. Kf3 hxg4+
40. Kxg4 Rf8 41. Kg5 Rf5+ 42. Kxg6 Rf6+ 43. Kg5 Rf5+ 44. Kg4 Rxc5 45. Rc4 Ra5
46. Rxc6+ Kd5 47. Rc2 Ke4 48. f5 Ke5 49. Kg5 Ke4 50. Kg6 Rxf5 51. Rc4+ 1-0

[Event "17.Seefeld Open 2006"]
[Site "Seefeld/AUT (23.9.-1.10)"]
[Date "2006.09.25"]
[Round "3"]
[White "Ermel, Dirk"]
[Black "Schmidt, Juergen"]
[Result "0-1"]
[WhiteElo "2184"]
[BlackElo "2122"]
[PlyCount "42"]
[EventDate "2006.09.??"]
[EventType "swiss"]
[EventRounds "9"]
[EventCountry "AUT"]

1. e4 e5 2. Bc4 Nf6 3. Nf3 d5 4. exd5 e4 5. Qe2 Be7 6. Ng5 O-O 7. Nc3 Bg4 8.
Qf1 c6 9. dxc6 Nxc6 10. Ngxe4 Nxe4 11. Nxe4 Nd4 12. Qd3 Be2 13. Qc3 Bb4 14. Qg3
Bxc4 15. b3 Qe7 16. f3 f5 17. Bb2 fxe4 18. Bxd4 exf3+ 19. Kf2 fxg2+ 20. Kxg2
Qe4+ 21. Kh3 Be6+ 0-1

[Event "17.Seefeld Open 2006"]
[Site "Seefeld/AUT (23.9.-1.10)"]
[Date "2006.09.25"]
[Round "3"]
[White "Lagrotteria, Salvatore"]
[Black "Fischer, Gerd"]
[Result "1/2-1/2"]
[WhiteElo "2176"]
[BlackElo "2026"]
[PlyCount "48"]
[EventDate "2006.09.??"]
[EventType "swiss"]
[EventRounds "9"]
[EventCountry "AUT"]

1. d4 e6 2. c4 f5 3. g3 Nf6 4. Bg2 d5 5. Nf3 c6 6. O-O Bd6 7. b3 Qe7 8. Bb2 O-O
9. Nbd2 b6 10. Ne5 Bb7 11. Rc1 Na6 12. Qc2 Rac8 13. Qb1 Ne4 14. Nxe4 dxe4 15.
f4 c5 16. d5 exd5 17. cxd5 Bxd5 18. Rfd1 Qe6 19. e3 Nb4 20. Bf1 Bxe5 21. Bxe5
Nd3 22. Ba1 Rf7 23. Rc2 Bb7 24. Bg2 Ba6 1/2-1/2

[Event "17.Seefeld Open 2006"]
[Site "Seefeld/AUT (23.9.-1.10)"]
[Date "2006.09.25"]
[Round "3"]
[White "Kozlov, Alexander"]
[Black "Thoeny, Hermann"]
[Result "1/2-1/2"]
[WhiteElo "2118"]
[BlackElo "2175"]
[PlyCount "59"]
[EventDate "2006.09.??"]
[EventType "swiss"]
[EventRounds "9"]
[EventCountry "AUT"]

1. d4 d5 2. c4 e6 3. Nf3 c5 4. cxd5 exd5 5. Nc3 Nc6 6. e3 Nf6 7. Be2 Bd6 8. Nb5
Be7 9. dxc5 Bxc5 10. O-O O-O 11. a3 a6 12. Nbd4 Ne4 13. Qd3 Bb6 14. b4 Qe7 15.
Bb2 Rd8 16. Rac1 Bd7 17. Rfd1 Nxd4 18. Bxd4 Bxd4 19. Qxd4 Ba4 20. Re1 Nf6 21.
Rc5 Qd6 22. Bd1 Bc6 23. Bb3 Re8 24. Qb2 Rad8 25. Nd4 Ng4 26. Nf3 d4 27. Qxd4
Qxd4 28. exd4 Rxe1+ 29. Nxe1 Rxd4 30. Rc4 1/2-1/2

[Event "17.Seefeld Open 2006"]
[Site "Seefeld/AUT (23.9.-1.10)"]
[Date "2006.09.25"]
[Round "3"]
[White "Schoetzig, Detlef"]
[Black "Maurer, Rainer"]
[Result "1-0"]
[WhiteElo "2124"]
[BlackElo "1916"]
[PlyCount "89"]
[EventDate "2006.09.??"]
[EventType "swiss"]
[EventRounds "9"]
[EventCountry "AUT"]

1. c4 Nf6 2. Nc3 g6 3. g3 Bg7 4. Bg2 d6 5. Nf3 O-O 6. O-O Nbd7 7. d4 c6 8. b3
d5 9. cxd5 Nxd5 10. Nxd5 cxd5 11. Bf4 Nf6 12. Rc1 Ne8 13. Ne5 Be6 14. Rc5 Rc8
15. Rxc8 Qxc8 16. Qd2 Nd6 17. Rc1 Qb8 18. Qa5 Rc8 19. Rxc8+ Qxc8 20. Bxd5 Bxe5
21. Bxe6 Qxe6 22. Qxe5 Qxe5 23. Bxe5 Nc8 24. Kg2 f6 25. Bb8 Kf7 26. Kf3 a6 27.
Ke3 Ke6 28. Kd3 Kd7 29. Bf4 e6 30. h4 Ne7 31. e4 Nc6 32. Bd2 Kd6 33. Bc3 Nd8
34. Bb4+ Kd7 35. Bc5 Nf7 36. Ke3 Nd8 37. g4 Ke8 38. f4 Kf7 39. d5 exd5 40. exd5
Ke8 41. f5 Nf7 42. fxg6 hxg6 43. Bd4 Nh6 44. Kf4 Kf7 45. Bxf6 1-0

[Event "17.Seefeld Open 2006"]
[Site "Seefeld/AUT (23.9.-1.10)"]
[Date "2006.09.25"]
[Round "3"]
[White "Kircher, Werner"]
[Black "Schunk, Thomas"]
[Result "0-1"]
[WhiteElo "2030"]
[BlackElo "2315"]
[PlyCount "84"]
[EventDate "2006.09.??"]
[EventType "swiss"]
[EventRounds "9"]
[EventCountry "AUT"]

1. Nf3 g6 2. c4 Bg7 3. d4 d6 4. e4 Nd7 5. Be2 e5 6. O-O Ngf6 7. Nc3 O-O 8. d5
h6 9. b4 a5 10. Ba3 b6 11. Nd2 Nh7 12. Qc2 f5 13. f4 exf4 14. exf5 gxf5 15.
Rxf4 Be5 16. Rff1 axb4 17. Bxb4 Nc5 18. Nf3 Bg7 19. Rae1 Bd7 20. Nb5 Ng5 21.
Bc3 Bxc3 22. Nxc3 Qf6 23. Nb5 Bxb5 24. cxb5 Ra3 25. Nxg5 hxg5 26. Bh5 Ra4 27.
Kh1 Rh4 28. g4 f4 29. Re2 Rh3 30. Rfe1 Re3 31. Rxe3 fxe3 32. Qg6+ Qxg6 33. Bxg6
Kg7 34. Bh5 Rf3 35. Re2 Nd3 36. Kg2 Rf2+ 37. Rxf2 exf2 38. Be8 Kf6 39. Bd7 Ke5
40. Bf5 Nb4 41. Kxf2 Kf4 42. Be6 Nxa2 0-1

[Event "17.Seefeld Open 2006"]
[Site "Seefeld/AUT (23.9.-1.10)"]
[Date "2006.09.25"]
[Round "3"]
[White "Schett, Franz"]
[Black "Kroencke, Manfred"]
[Result "1/2-1/2"]
[WhiteElo "2004"]
[BlackElo "2183"]
[PlyCount "99"]
[EventDate "2006.09.??"]
[EventType "swiss"]
[EventRounds "9"]
[EventCountry "AUT"]

1. e4 c5 2. Nf3 e6 3. Nc3 Nc6 4. d4 cxd4 5. Nxd4 Qc7 6. Ndb5 Qb8 7. a3 a6 8.
Nd4 Qc7 9. Be3 b5 10. Na2 Bb7 11. f3 Nf6 12. Rc1 Na5 13. c3 Rc8 14. Nc2 Be7 15.
Be2 Nc4 16. Bxc4 Qxc4 17. Nab4 a5 18. Nd3 d6 19. O-O O-O 20. Nd4 Ba6 21. Nf2 b4
22. axb4 Qxf1+ 23. Qxf1 Bxf1 24. Kxf1 axb4 25. Nb5 bxc3 26. bxc3 d5 27. e5 Nd7
28. f4 Rb8 29. Nd4 Rfc8 30. g4 Nc5 31. f5 Nb3 32. Rc2 Nxd4 33. Bxd4 Bc5 34. Rd2
h6 35. h4 Bxd4 36. cxd4 Rc4 37. Ke2 Rbb4 38. Ke3 Rc3+ 39. Nd3 Rb1 40. fxe6 fxe6
41. h5 Re1+ 42. Kf2 Re4 43. Nc5 Rf4+ 44. Ke2 Kf7 45. Ra2 Rxc5 46. dxc5 Rxg4 47.
Ra7+ Ke8 48. c6 Kd8 49. Rd7+ Kc8 50. Kd3 1/2-1/2

[Event "17.Seefeld Open 2006"]
[Site "Seefeld/AUT (23.9.-1.10)"]
[Date "2006.09.25"]
[Round "3"]
[White "Meschke, Andreas"]
[Black "Platzgummer, Fabian"]
[Result "1/2-1/2"]
[WhiteElo "2183"]
[BlackElo "2044"]
[PlyCount "48"]
[EventDate "2006.09.??"]
[EventType "swiss"]
[EventRounds "9"]
[EventCountry "AUT"]

1. e4 c5 2. Nf3 d6 3. Bb5+ Bd7 4. Bxd7+ Qxd7 5. O-O Nc6 6. b3 Nf6 7. Re1 e5 8.
Bb2 g6 9. c3 Bg7 10. d4 Rd8 11. Na3 O-O 12. dxc5 dxc5 13. Qe2 Nh5 14. Rad1 Nf4
15. Qf1 Qe7 16. g3 Ne6 17. Nc4 Rxd1 18. Rxd1 f5 19. Qe2 f4 20. Ba3 b6 21. Rd6
Na5 22. Rd5 Nxc4 23. bxc4 Nc7 24. Rd1 Ne6 1/2-1/2

[Event "17.Seefeld Open 2006"]
[Site "Seefeld/AUT (23.9.-1.10)"]
[Date "2006.09.25"]
[Round "3"]
[White "Scholz, Herbert"]
[Black "Jandke, Manfred"]
[Result "0-1"]
[WhiteElo "1991"]
[BlackElo "2156"]
[PlyCount "84"]
[EventDate "2006.09.??"]
[EventType "swiss"]
[EventRounds "9"]
[EventCountry "AUT"]

1. e4 e6 2. d4 d5 3. Nc3 Nf6 4. e5 Nfd7 5. f4 c5 6. Nf3 Nc6 7. Be3 a6 8. Qd2 b5
9. a3 g5 10. fxg5 cxd4 11. Bxd4 Nxd4 12. Nxd4 Nxe5 13. Be2 h6 14. Nf3 Nxf3+ 15.
Bxf3 Qxg5 16. O-O-O Bg7 17. Ne2 Bb7 18. Nf4 Rc8 19. Kb1 Rc4 20. Nh5 O-O 21. h4
Qxd2 22. Rxd2 Rd4 23. Rf2 b4 24. a4 Rc8 25. b3 e5 26. Nxg7 Kxg7 27. Bh5 f6 28.
g4 Rf8 29. Rhf1 Bc8 30. g5 hxg5 31. hxg5 f5 32. Kb2 Rh4 33. Bf3 e4 34. Be2 f4
35. c3 f3 36. Bd1 a5 37. cxb4 axb4 38. Rg1 Rg4 39. Rff1 Rxg1 40. Rxg1 e3 41.
Re1 f2 42. Rxe3 f1=Q 0-1

[Event "17.Seefeld Open 2006"]
[Site "Seefeld/AUT (23.9.-1.10)"]
[Date "2006.09.25"]
[Round "3"]
[White "Kreie, Guenter"]
[Black "Voss, Ingo"]
[Result "1/2-1/2"]
[WhiteElo "1987"]
[BlackElo "2149"]
[PlyCount "66"]
[EventDate "2006.09.??"]
[EventType "swiss"]
[EventRounds "9"]
[EventCountry "AUT"]

1. e4 c5 2. Nf3 e6 3. d4 cxd4 4. Nxd4 Bc5 5. Nb3 Bb6 6. Bd3 Ne7 7. Nc3 Nbc6 8.
Qe2 O-O 9. Be3 Bxe3 10. Qxe3 b6 11. O-O-O Bb7 12. f4 Nb4 13. Kb1 d5 14. exd5
Nbxd5 15. Nxd5 Nxd5 16. Qf2 Qc7 17. Rhf1 Nb4 18. Rd2 Rad8 19. Rfd1 Rd5 20. g3
Rfd8 21. Qe2 h6 22. a3 Nxd3 23. Rxd3 Ba6 24. Rxd5 Rxd5 25. Qe1 Qd6 26. Rxd5
Qxd5 27. Qd2 Qh1+ 28. Nc1 Bb7 29. b4 Bd5 30. Kb2 Qe4 31. Na2 Bxa2 32. Kxa2 h5
33. Kb3 e5 1/2-1/2

[Event "17.Seefeld Open 2006"]
[Site "Seefeld/AUT (23.9.-1.10)"]
[Date "2006.09.25"]
[Round "3"]
[White "Gruber, Michael"]
[Black "Willin, Bernhard"]
[Result "1/2-1/2"]
[WhiteElo "2138"]
[BlackElo "2009"]
[PlyCount "32"]
[EventDate "2006.09.??"]
[EventType "swiss"]
[EventRounds "9"]
[EventCountry "AUT"]

1. e4 c5 2. Nf3 Nf6 3. e5 Nd5 4. Nc3 Nc7 5. d4 cxd4 6. Nxd4 g6 7. h4 h5 8. Bc4
Bg7 9. Qf3 O-O 10. Bf4 Nc6 11. O-O-O Nxe5 12. Bxe5 Bxe5 13. Qe4 Bxd4 14. Rxd4
e6 15. g4 d5 16. Qe3 hxg4 1/2-1/2

[Event "17.Seefeld Open 2006"]
[Site "Seefeld/AUT (23.9.-1.10)"]
[Date "2006.09.25"]
[Round "3"]
[White "Scheidt, Eugen"]
[Black "Koller, Hubert"]
[Result "1-0"]
[WhiteElo "1980"]
[BlackElo "2115"]
[PlyCount "141"]
[EventDate "2006.09.??"]
[EventType "swiss"]
[EventRounds "9"]
[EventCountry "AUT"]

1. e4 e6 2. d4 c5 3. Nf3 cxd4 4. Nxd4 Nf6 5. Bd3 d6 6. O-O Be7 7. Nc3 O-O 8.
Be3 Nc6 9. a3 Qc7 10. Qe2 Ne5 11. f3 a6 12. Rfc1 b5 13. Qf2 Nc4 14. Bxc4 Qxc4
15. Nde2 Bb7 16. Rd1 Rfe8 17. Rd4 Qc6 18. Rd2 Rad8 19. Rad1 Nd7 20. Nd4 Qc8 21.
Nde2 Ne5 22. b3 Qc6 23. Kf1 a5 24. Bb6 Ra8 25. Bd4 Ng6 26. a4 b4 27. Na2 Ba6
28. Nac1 d5 29. exd5 exd5 30. Kg1 Rac8 31. g3 Bf6 32. Bxf6 Qxf6 33. Rxd5 Bxe2
34. Nxe2 Rxc2 35. R5d2 Qb2 36. Nd4 Rxd2 37. Qxd2 Qxd2 38. Rxd2 Rd8 39. Kf2 f6
40. f4 Ne7 41. Nf3 Rc8 42. Ke2 Kf7 43. Nd4 Nd5 44. Nb5 Nc3+ 45. Nxc3 Rxc3 46.
Rd3 Rc5 47. h3 h5 48. g4 Kg6 49. Rd7 Kh6 50. Rd3 hxg4 51. hxg4 f5 52. Rd6+ g6
53. gxf5 Rxf5 54. Ke3 Rc5 55. Ke4 Rc3 56. f5 Rxb3 57. Rxg6+ Kh7 58. Ra6 Rb1 59.
Rxa5 Re1+ 60. Kd3 Rh1 61. Kc4 Rh4+ 62. Kb3 Kg7 63. Rb5 Kf6 64. a5 Rd4 65. Ka4
b3+ 66. Kxb3 Rd1 67. Kb4 Ra1 68. Kc5 Kxf5 69. Kb6+ Ke6 70. a6 Rh1 71. a7 1-0

[Event "17.Seefeld Open 2006"]
[Site "Seefeld/AUT (23.9.-1.10)"]
[Date "2006.09.25"]
[Round "3"]
[White "Mertens, Klaus"]
[Black "Meul, Willi"]
[Result "1/2-1/2"]
[WhiteElo "2100"]
[BlackElo "1998"]
[PlyCount "114"]
[EventDate "2006.09.??"]
[EventType "swiss"]
[EventRounds "9"]
[EventCountry "AUT"]

1. Nf3 Nf6 2. g3 g6 3. Bg2 Bg7 4. c4 c6 5. O-O O-O 6. Nc3 d5 7. cxd5 Nxd5 8. e4
Nxc3 9. dxc3 e5 10. Bg5 Qc7 11. Qc1 Be6 12. b3 f6 13. Be3 Rd8 14. Rd1 Nd7 15.
Qc2 Nb6 16. Ne1 Rxd1 17. Rxd1 Rd8 18. Nd3 Bf8 19. Nc5 Bxc5 20. Bxc5 Rxd1+ 21.
Qxd1 Nc8 22. Bf3 b6 23. Be3 Qd6 24. Qe2 Qd7 25. Qc2 Ne7 26. Be2 Kg7 27. a4 Kf7
28. b4 Qd6 29. h4 Kg7 30. a5 Qc7 31. axb6 axb6 32. Qa4 b5 33. Qa6 Qd7 34. Qa7
Qxa7 35. Bxa7 Kf7 36. Bc5 g5 37. Bh5+ Ng6 38. hxg5 fxg5 39. Bb6 h6 40. Bc7 Kf6
41. Bd6 g4 42. f4 gxf3 43. Bxf3 Kg5 44. Bc5 Kf6 45. Kf2 Nh8 46. Bf8 Kg6 47. Ke3
Nf7 48. Be7 Ng5 49. Be2 Nf7 50. Bd3 Ng5 51. Bd6 Nf7 52. Bc7 Kg5 53. Be2 Kg6 54.
Bf3 Kg5 55. Be2 Kg6 56. Bf3 Kg5 57. Be2 Kg6 1/2-1/2

[Event "17.Seefeld Open 2006"]
[Site "Seefeld/AUT (23.9.-1.10)"]
[Date "2006.09.25"]
[Round "3"]
[White "Becker, Joerg"]
[Black "Schwammberger, Eugen"]
[Result "1/2-1/2"]
[WhiteElo "1945"]
[BlackElo "2085"]
[PlyCount "119"]
[EventDate "2006.09.??"]
[EventType "swiss"]
[EventRounds "9"]
[EventCountry "AUT"]

1. d4 Nf6 2. c4 c6 3. Nf3 d5 4. Nc3 a6 5. cxd5 cxd5 6. Bf4 Nc6 7. e3 Bg4 8. h3
Bh5 9. Be2 e6 10. O-O Bd6 11. Bxd6 Qxd6 12. Rc1 O-O 13. Na4 Nd7 14. Nc5 Nxc5
15. Rxc5 Rfc8 16. Qd2 b6 17. Rc3 f6 18. Rfc1 Be8 19. Bd3 b5 20. e4 Bd7 21. exd5
exd5 22. Rc5 Ne7 23. Rxc8+ Rxc8 24. Rxc8+ Bxc8 25. Qc2 g6 26. Qe2 Kf7 27. Qe3
Bf5 28. Bxf5 Nxf5 29. Qc3 Ne7 30. Nd2 b4 31. Qd3 Qc6 32. Nb3 Qc4 33. Qe3 Nf5
34. Qd2 g5 35. g4 Nd6 36. Qe3 Nb5 37. h4 h6 38. hxg5 hxg5 39. f4 Qc2 40. f5
Qb1+ 41. Nc1 Nxd4 42. Qxd4 Qxc1+ 43. Kf2 Qc4 44. Qxc4 dxc4 45. Ke3 Ke7 46. Kd4
Kd6 47. Kxc4 Ke5 48. Kxb4 Kf4 49. Ka5 Kxg4 50. Kxa6 Kxf5 51. b4 g4 52. b5 g3
53. b6 g2 54. b7 g1=Q 55. b8=Q Qa1 56. Qc8+ Kf4 57. Qc4+ Ke5 58. a4 f5 59. a5
f4 60. Kb6 1/2-1/2

[Event "17.Seefeld Open 2006"]
[Site "Seefeld/AUT (23.9.-1.10)"]
[Date "2006.09.25"]
[Round "3"]
[White "Oettinger, Hagen"]
[Black "Antoniacci, Riccardo"]
[Result "1-0"]
[WhiteElo "2083"]
[BlackElo "1980"]
[PlyCount "105"]
[EventDate "2006.09.??"]
[EventType "swiss"]
[EventRounds "9"]
[EventCountry "AUT"]

1. d4 Nf6 2. Nf3 e6 3. c4 c5 4. g3 d5 5. Bg2 Be7 6. O-O O-O 7. cxd5 exd5 8. Nc3
Nc6 9. Bg5 c4 10. Ne5 Be6 11. b3 Qa5 12. Nxc6 bxc6 13. Na4 cxb3 14. axb3 Qb5
15. Rc1 h6 16. Bf4 Ne4 17. f3 Nf6 18. Nc5 Bc8 19. e4 Nd7 20. exd5 Nxc5 21. d6
Nd3 22. dxe7 Re8 23. Bd6 Nxc1 24. Qxc1 Be6 25. b4 a5 26. bxa5 Rxa5 27. Qc5 Qa4
28. Qc3 Qb5 29. Rc1 Ra4 30. Bc5 Ra2 31. Bf1 Qb2 32. Qxb2 Rxb2 33. Bd3 f5 34.
Re1 Kf7 35. Ra1 g6 36. g4 Rg8 37. Re1 Bd5 38. Re3 f4 39. Bxg6+ Kxg6 40. e8=Q+
Rxe8 41. Rxe8 Bxf3 42. Rg8+ Kf7 43. Rf8+ Kg6 44. Rxf4 Bd5 45. h4 Rg2+ 46. Kf1
Rh2 47. Be7 Rd2 48. h5+ Kh7 49. Bf6 Rg2 50. Be5 Ra2 51. Rf8 Bg8 52. Rc8 Bc4+
53. Kg1 1-0

[Event "17.Seefeld Open 2006"]
[Site "Seefeld/AUT (23.9.-1.10)"]
[Date "2006.09.25"]
[Round "3"]
[White "Kesik, Marco"]
[Black "Becking, Franz-Josef"]
[Result "1-0"]
[WhiteElo "1916"]
[BlackElo "2076"]
[PlyCount "71"]
[EventDate "2006.09.??"]
[EventType "swiss"]
[EventRounds "9"]
[EventCountry "AUT"]

1. d4 Nf6 2. c4 c5 3. d5 d6 4. Nc3 g6 5. e4 Bg7 6. f4 O-O 7. Nf3 Na6 8. Be2 Bd7
9. O-O Rb8 10. Bd2 Nc7 11. a4 b6 12. e5 Ng4 13. h3 Nh6 14. g4 a6 15. Qc1 Qc8
16. Nh2 dxe5 17. fxe5 Nxg4 18. Nxg4 Kh8 19. Bh6 b5 20. Bxg7+ Kxg7 21. Qh6+ Kh8
22. Ne4 f6 23. Ngxf6 exf6 24. exf6 Rf7 25. Ng5 Qf8 26. Nxf7+ Qxf7 27. Bg4 Bxg4
28. hxg4 bxc4 29. d6 Nd5 30. Rad1 Nxf6 31. d7 Rd8 32. Qg5 Kg7 33. Rd6 Qe7 34.
Qxf6+ Qxf6 35. Rfxf6 a5 36. Rfe6 1-0